00392nam a22001337a 4500008004100000020001500041040001500056100001800071245006700089260004800156300001600204650002100220650001700241160219b xxu||||| |||| 00| 0 eng d a0521019281 aKABUcKABU aProvost, Rene aInternational Humand Rights and Humanitarian LawcRene Provost aNew York bCambridge University Pressc2002 axlii, 418p. aHumanitarian Law aHuman Rights